00577 2200205 4500001002100000005001500021035002000036008004100056041000700097082001400104090001400118245008500132260003000217300003400247650002600281084002000307250001000327110001200337990002200349INLIS00000000000154320260429032403 a0010-0321001543260429 | |  aid a63:331.36 a374/BAD/p1 aPedoman Penyelenggaraan Diklat Pertanian :bBuku 2 Perencanaan Diklat /cBPPSDMP aJakarta :bBPPSDMP,c2003 aiii, 51 hal. :bIlus ;c23 cm 4aperencanaan pelatihan a63:331.36 BPP p aEd. 12 aBPPSDMP a5145/BPPSDMP/2026